<?xml version="1.0" encoding="UTF-8"?>
<record
    xmlns:xsi="http://www.w3.org/2001/XMLSchema-instance"
    xsi:schemaLocation="http://www.loc.gov/MARC21/slim http://www.loc.gov/standards/marcxml/schema/MARC21slim.xsd"
    xmlns="http://www.loc.gov/MARC21/slim">

  <leader>00645nam a22002297a 4500</leader>
  <controlfield tag="005">20251024125957.0</controlfield>
  <controlfield tag="008">251024b        |||||||| |||| 00| 0 eng d</controlfield>
  <datafield tag="017" ind1=" " ind2=" ">
    <subfield code="a">LD.1658</subfield>
  </datafield>
  <datafield tag="018" ind1=" " ind2=" ">
    <subfield code="a">2025</subfield>
  </datafield>
  <datafield tag="020" ind1=" " ind2=" ">
    <subfield code="a">9789787881804</subfield>
  </datafield>
  <datafield tag="040" ind1=" " ind2=" ">
    <subfield code="a">NLN</subfield>
    <subfield code="b">English</subfield>
    <subfield code="e">AACR2</subfield>
  </datafield>
  <datafield tag="050" ind1=" " ind2=" ">
    <subfield code="a">BV4811</subfield>
    <subfield code="b">.I64</subfield>
  </datafield>
  <datafield tag="082" ind1=" " ind2=" ">
    <subfield code="a">242.2</subfield>
  </datafield>
  <datafield tag="100" ind1=" " ind2=" ">
    <subfield code="a">IPADEOLA, Yejide</subfield>
    <subfield code="e">aut</subfield>
    <subfield code="9">64965</subfield>
  </datafield>
  <datafield tag="245" ind1=" " ind2=" ">
    <subfield code="a">kids on fire bedtime devotional for boys /</subfield>
    <subfield code="c">Yejide Ipadelo</subfield>
  </datafield>
  <datafield tag="260" ind1=" " ind2=" ">
    <subfield code="a">Abuja :</subfield>
    <subfield code="b">Kids on fire,</subfield>
    <subfield code="c">2024</subfield>
  </datafield>
  <datafield tag="300" ind1=" " ind2=" ">
    <subfield code="a">vii, 180p. :</subfield>
    <subfield code="b">ill. : col. ; 21cm</subfield>
  </datafield>
  <datafield tag="563" ind1=" " ind2=" ">
    <subfield code="a">(pbk)</subfield>
  </datafield>
  <datafield tag="650" ind1=" " ind2=" ">
    <subfield code="a">Devotional calendars</subfield>
    <subfield code="9">51</subfield>
  </datafield>
  <datafield tag="650" ind1=" " ind2=" ">
    <subfield code="a">Bible</subfield>
    <subfield code="v">Study and teaching</subfield>
    <subfield code="9">355</subfield>
  </datafield>
  <datafield tag="942" ind1=" " ind2=" ">
    <subfield code="c">BK</subfield>
    <subfield code="n">0</subfield>
  </datafield>
  <datafield tag="999" ind1=" " ind2=" ">
    <subfield code="c">33560</subfield>
    <subfield code="d">33560</subfield>
  </datafield>
  <datafield tag="952" ind1=" " ind2=" ">
    <subfield code="0">0</subfield>
    <subfield code="1">0</subfield>
    <subfield code="2">lcc</subfield>
    <subfield code="4">0</subfield>
    <subfield code="7">0</subfield>
    <subfield code="a">ABJ</subfield>
    <subfield code="b">MAIN</subfield>
    <subfield code="d">2025-10-24</subfield>
    <subfield code="e">Legal deposit</subfield>
    <subfield code="i">443209</subfield>
    <subfield code="l">0</subfield>
    <subfield code="o">BV4811 .I64</subfield>
    <subfield code="p">443209</subfield>
    <subfield code="r">2025-10-24 13:01:12</subfield>
    <subfield code="t">1</subfield>
    <subfield code="w">2025-10-24</subfield>
    <subfield code="y">BK</subfield>
  </datafield>
  <datafield tag="952" ind1=" " ind2=" ">
    <subfield code="0">0</subfield>
    <subfield code="1">0</subfield>
    <subfield code="2">lcc</subfield>
    <subfield code="4">0</subfield>
    <subfield code="7">0</subfield>
    <subfield code="a">IBA</subfield>
    <subfield code="b">MAIN</subfield>
    <subfield code="d">2025-10-24</subfield>
    <subfield code="e">Legal deposit</subfield>
    <subfield code="i">443208</subfield>
    <subfield code="l">0</subfield>
    <subfield code="o">BV4811 .I64</subfield>
    <subfield code="p">443208</subfield>
    <subfield code="r">2025-10-24 13:01:34</subfield>
    <subfield code="t">1</subfield>
    <subfield code="w">2025-10-24</subfield>
    <subfield code="y">BK</subfield>
  </datafield>
  <datafield tag="952" ind1=" " ind2=" ">
    <subfield code="0">0</subfield>
    <subfield code="1">0</subfield>
    <subfield code="2">lcc</subfield>
    <subfield code="4">0</subfield>
    <subfield code="7">0</subfield>
    <subfield code="a">OSO</subfield>
    <subfield code="b">MAIN</subfield>
    <subfield code="d">2025-10-24</subfield>
    <subfield code="e">Legal deposit</subfield>
    <subfield code="i">443207</subfield>
    <subfield code="l">0</subfield>
    <subfield code="o">BV4811 .I64</subfield>
    <subfield code="p">443207</subfield>
    <subfield code="r">2025-10-24 13:03:01</subfield>
    <subfield code="t">1</subfield>
    <subfield code="w">2025-10-24</subfield>
    <subfield code="y">BK</subfield>
  </datafield>
</record>
